|
|
|
|
| LEADER |
00000cam a22000004a 4500 |
| 001 |
musev2_7033 |
| 003 |
MdBmJHUP |
| 005 |
20230905040820.0 |
| 006 |
m o d |
| 007 |
cr||||||||nn|n |
| 008 |
090605s2009 ohu o 00 0 eng d |
| 010 |
|
|
|z 2009023494
|
| 020 |
|
|
|a 9780896804715
|
| 020 |
|
|
|z 0896802701
|
| 020 |
|
|
|z 9780896802704
|
| 020 |
|
|
|z 0896804712
|
| 035 |
|
|
|a (OCoLC)742512928
|
| 040 |
|
|
|a MdBmJHUP
|c MdBmJHUP
|
| 041 |
1 |
|
|a eng
|h bur
|
| 043 |
|
|
|a a-br---
|a a-ja---
|
| 050 |
0 |
4 |
|a D811.5
|b .W118 2009
|
| 082 |
0 |
|
|a 940.53/591092
|a B
|2 22
|
| 100 |
1 |
|
|a Wa, Theippan Maung,
|d 1899-1942.
|
| 240 |
1 |
0 |
|a Sit-atwin nei-zin hmat-tan.
|l English
|
| 245 |
1 |
0 |
|a Wartime in Burma :
|b A Diary, January to June 1942 /
|c by Theippan Maung Wa (U Sein Tin) ; edited and translated from the Burmese by L.E. Bagshawe and Anna J. Allott.
|
| 264 |
|
1 |
|a Athens :
|b Ohio University Press,
|c 2009.
|
| 264 |
|
3 |
|a Baltimore, Md. :
|b Project MUSE,
|c 2012
|
| 264 |
|
4 |
|c ©2009.
|
| 300 |
|
|
|a 1 online resource:
|b ill., photographs ;
|
| 336 |
|
|
|a text
|b txt
|2 rdacontent
|
| 337 |
|
|
|a computer
|b c
|2 rdamedia
|
| 338 |
|
|
|a online resource
|b cr
|2 rdacarrier
|
| 490 |
0 |
|
|a Research in international studies, Southeast Asia series ;
|v no. 120
|
| 504 |
|
|
|a Includes bibliographical references and index.
|
| 505 |
0 |
|
|a War diary -- Appendix: An eyewitness account of U Sein Tin's death.
|
| 588 |
|
|
|a Description based on print version record.
|
| 600 |
1 |
0 |
|a Wa, Theippan Maung,
|d 1899-1942
|v Diaries.
|
| 651 |
|
0 |
|a Rangoon (Burma)
|v Biography.
|
| 651 |
|
0 |
|a Rangoon (Burma)
|x History, Military
|y 20th century.
|
| 651 |
|
0 |
|a Burma
|x History
|y Japanese occupation, 1942-1945.
|
| 651 |
|
0 |
|a Burma
|x Officials and employees
|v Diaries.
|
| 650 |
|
0 |
|a World War, 1939-1945
|x Refugees.
|
| 650 |
|
0 |
|a World War, 1939-1945
|z Burma.
|
| 650 |
|
0 |
|a World War, 1939-1945
|v Personal narratives, Burmese.
|
| 655 |
|
7 |
|a Electronic books.
|2 local
|
| 700 |
1 |
|
|a Allott, Anna,
|d 1930-
|
| 700 |
1 |
|
|a Bagshawe, L. E.
|
| 710 |
2 |
|
|a Project Muse.
|e distributor
|
| 830 |
|
0 |
|a Book collections on Project MUSE.
|
| 856 |
4 |
0 |
|z Texto completo
|u https://projectmuse.uam.elogim.com/book/7033/
|
| 945 |
|
|
|a Project MUSE - Custom Collection
|
| 945 |
|
|
|a Project MUSE - Archive Complete Foundation
|
| 945 |
|
|
|a Project MUSE - Archive History Foundation
|
| 945 |
|
|
|a Project MUSE - Archive Asian and Pacific Studies Foundation
|